Contenido político de la rectificación del ejercito por Teng Hsiao-Ping
Zapisane w:
| 1. autor: | |
|---|---|
| Format: | Książka |
| Język: | hiszpański |
| Wydane: |
Liga Mundial Anticomunista
1986
|
| Hasła przedmiotowe: | |
| Etykiety: |
Dodaj etykietę
Nie ma etykietki, Dołącz pierwszą etykiete!
|
MARC
| LEADER | 00000nam a2200000 a 4500 | ||
|---|---|---|---|
| 001 | UCW9144 | ||
| 003 | CL-VaPUC | ||
| 008 | 881213e19860000CH |||||||||||||||||spa|d | ||
| 082 | 0 | 4 | |a 320.5320951 |b YUY |2 21 |
| 100 | 0 | |a Yu, Yu-Lin |e author |9 314298 | |
| 245 | 1 | 0 | |a Contenido político de la rectificación del ejercito por Teng Hsiao-Ping |
| 300 | |a 77 p | ||
| 942 | |c BK | ||
| 945 | |d 19881213 00:00:00 | ||
| 260 | |b Liga Mundial Anticomunista |c 1986 | ||
| 650 | 7 | |a COMUNISMO CHINO |2 CL-VaPUC |9 314299 | |
| 650 | 7 | |a POLITICA Y GOBIERNO SIGLO 20 |2 CL-VaPUC |9 314300 | |
| 651 | 0 | |a China |9 257545 | |
| 583 | |a last modification |c 20120607 12:13:26 |k Rodrigo Vera | ||
| 999 | |c 221183 |d 221181 | ||
| 952 | |0 0 |1 0 |4 0 |6 320_532095100000000_YUY_1986 |7 0 |8 A |9 214236 |a BIBHIS |b BIBHIS |d 2019-11-15 |i 282860K |o 320.5320951 YUY 1986 |p 282860K |r 2025-01-20 |w 2019-11-15 |y BK |k HIS | ||